000
00338nam a2200121 a 4500
005
20140311130135.0
008
020826s19uu xx 00 eng d
100
_a
Shakespeare, William
245
_a
The Merchant of Venice /
_c
William Shakespeare.
260
_a
New York :
_b
Washington Square Press,
_c
1957.
942
_c
BK
999
_c
35492
_d
35492